Israel's prophetic heritage; essays in honor of James Muilenburg.
Saved in:
| Main Author: | |
|---|---|
| Other Authors: | |
| Format: | Book |
| Language: | English |
| Published: |
New York,
Harper
c1962.
|
| Subjects: | |
| Tags: |
No Tags, Be the first to tag this record!
|
MARC
| LEADER | 00000nam a22000001p 4500 | ||
|---|---|---|---|
| 001 | 0000023292 | ||
| 005 | 20171002015629.0 | ||
| 008 | 870806s1962 nyuc 01010 eng | ||
| 010 | |a 62011122 | ||
| 035 | |a 00386417 | ||
| 040 | |c MnSLN |d MnSLN |d Kmbae | ||
| 050 | 0 | |a DS112 |b .I57 | |
| 092 | |a 221.6 |b A545 | ||
| 100 | 1 | 0 | |a Anderson, Bernhard W. |q (Bernhard Word), |d 1916- |e ed. |
| 245 | 1 | 0 | |a Israel's prophetic heritage; |b essays in honor of James Muilenburg. |c Edited by Bernhard W. Anderson and Walter Harrelson. |
| 260 | 0 | |a New York, |b Harper |c c1962. | |
| 300 | |a xiv, 242 p. |b port. |c 22 cm. | ||
| 600 | 1 | 0 | |a Muilenburg, James, |d 1896-1974 |
| 630 | 0 | 0 | |a Bible. |p O.T. |
| 630 | 0 | 0 | |a Bible. |p O.t. |p Prophets |x Criticism, interpretation, etc. |
| 700 | 1 | 0 | |a Harrelson, Walter J |e joint ed. |
| 908 | |a 060619 | ||
| 942 | |c G | ||
| 952 | |0 0 |1 0 |4 0 |6 DS_112_000000000000000_I57 |7 0 |9 18219 |a DUA |b DUA |c GC |d 2017-09-28 |l 0 |o DS112.I57 |p BK008835 |r 2017-09-28 00:00:00 |w 2017-09-28 |x 46560. |y G | ||
| 999 | |c 11612 |d 11612 | ||